Catalog

Record Details

Catalog Search



7th heaven Cover Image CD Audiobook CD Audiobook

7th heaven [sound recording] / James Patterson and Maxine Paetro.

Patterson, James, 1947- (Author). McCormick, Carolyn (Added Author). Paetro, Maxine. (Added Author).

Record details

  • ISBN: 9781600240782
  • Physical Description: 7 sound discs (8 hrs.) : digital ; 4 3/4 in.
  • Edition: Unabridged.
  • Publisher: New York, New York : Hanchette Audio, c2008.

Content descriptions

General Note:
Compact discs.
Participant or Performer Note:
Read by Carolyn McCornick.
Subject: Women detectives > California > San Francisco > Fiction.
Rich people > Crimes against > Fiction.
Arson investigation > Fiction.
Missing persons > Investigation > Fiction.
Detective and mystery stories.

Available copies

  • 1 of 1 copy available at scottsboropl.

Holds

  • 0 current holds with 1 total copy.
Show Only Available Copies
Location Call Number / Copy Notes Barcode Shelving Location Status Due Date
scottsboropl BK/CD Pat 32269001138489 Adult - Audiobook Available -

LDR 01147pim a2200325 a 4500
001130214
003CONS
00520140703073305.0
007sd fsmgnnmmned
008070810s2008 nyunnn e f n eng d
020 . ‡a9781600240782
035 . ‡a(CPomAG)LMN500180
08200. ‡a813/.54 ‡222
1001 . ‡aPatterson, James, ‡d1947-
24510. ‡a7th heaven ‡h[sound recording] / ‡cJames Patterson and Maxine Paetro.
2463 . ‡aSeventh heaven
250 . ‡aUnabridged.
260 . ‡aNew York, New York : ‡bHanchette Audio, ‡cc2008.
300 . ‡a7 sound discs (8 hrs.) : ‡bdigital ; ‡c4 3/4 in.
500 . ‡aCompact discs.
5110 . ‡aRead by Carolyn McCornick.
650 0. ‡aWomen detectives ‡zCalifornia ‡zSan Francisco ‡vFiction.
650 0. ‡aRich people ‡xCrimes against ‡vFiction.
650 0. ‡aArson investigation ‡vFiction.
650 0. ‡aMissing persons ‡xInvestigation ‡vFiction.
650 0. ‡aDetective and mystery stories.
7001 . ‡aMcCormick, Carolyn
7001 . ‡aPaetro, Maxine.
959 . ‡i32269001138489 ‡lBK/CD Pat ‡aAdult - Audiobook ‡tAudiobook ‡g39.98
852 . ‡p32269001138489 ‡jBK/CD Pat ‡gAdult - Audiobook ‡cAudiobook ‡y39.98 ‡bSBPL
901 . ‡a130214 ‡bUnknown ‡c130214 ‡tbiblio

Additional Resources